| 000 | 00495cam a22001575a 4500 | ||
|---|---|---|---|
| 001 | J100820 | ||
| 008 | 000000s1921 xxk 000 0 eng u | ||
| 035 | _a(Sirsi) u100820 | ||
| 110 |
_aSurveyors' Institution _93783 |
||
| 245 | 0 | 4 | _aThe incorporated benevolent fund of the Surveyors' Institution committee's report and balance sheet for the year 1920-21. To 30th June 1921. |
| 260 | _c1921 | ||
| 300 | _a20p. | ||
| 651 | 4 |
_aUnited Kingdom _y |
|
| 690 | _aBusiness and management | ||
| 942 | _n0 | ||
| 999 |
_c99855 _d99855 |
||